00653nam a2200217Ia 4500008004000000020001800040041000800058082001500066100002500081245003100106260003300137300001200170650001400182650001100196650001000207650000800217690002100225906001100246999001900257952015900276210210b2014 xxu||||| |||| 00| 0 eng d a9788183764681 aeng a659.2 SINM aSINGH (Surender Pal) aMedia and public relations aJaipurbABD Publishersc2014 avii,302 arelations apublic aMedia aand aPublic Relations a069109 c153209d153209 00102ddc40708COMaALbALd2021-02-17ePrajwal Book Distributors, Bangalore-560061g1825.00l0o659.2 SINMp069109r2021-02-17 00:00:00w2021-02-17yBK